[Event "BOL-ch"]
[White "Almendras, Elias"]
[Black "Rozo, Paulo"]
[Site "La Paz"]
[Round "9"]
[Result "1-0"]
[Date "2020.01.25"]
[WhiteElo "2094"]
[BlackElo "2166"]
[PlyCount "65"]
[EventDate "2020.01.21"]
[EventType "tourn"]
[EventRounds "9"]
[EventCountry "BOL"]
[SourceTitle "CBM 195 Extra"]
[Source "ChessBase"]
[SourceDate "2020.05.31"]
[SourceVersion "1"]
[SourceVersionDate "2020.05.31"]
[SourceQuality "1"]

1. e4 e5 2. Nf3 Nc6 3. Bc4 Nf6 4. d4 exd4 5. 0-0 d5 6. exd5 Nxd5 7. Nxd4 Nxd4 8. Qxd4 Be6 9. Re1 c6 10. Nc3 Nc7 11. Qe5 Qd6 12. Qe4 Be7 13. Bf4 Qc5 14. Bb3 Bxb3 15. axb3 Ne6 16. Be5 0-0 17. Ra4 Bd6 18. Qf5 Bxe5 19. Rxe5 Qd6 20. Rh4 g6 21. Qe4 Rad8 22. h3 Qd4 23. Rxe6 Qg7 24. Re7 Rd2 25. Rf4 c5 26. Qxb7 Rxc2 27. Nd5 Rxb2 28. Nf6+ Kh8 29. Qd5 Qh6 30. Qe5 Rb1+ 31. Kh2 Qg7 32. Re8 h5 33. Qe7 1-0

[Event "BOL-ch"]
[White "Gemy Vargas, Jose Daniel"]
[Black "Rozo, Paulo"]
[Site "La Paz"]
[Round "3"]
[Result "1-0"]
[Date "2020.01.22"]
[WhiteElo "2376"]
[BlackElo "2166"]
[PlyCount "91"]
[EventDate "2020.01.21"]
[EventType "tourn"]
[EventRounds "9"]
[EventCountry "BOL"]
[SourceTitle "CBM 195 Extra"]
[Source "ChessBase"]
[SourceDate "2020.05.31"]
[SourceVersion "1"]
[SourceVersionDate "2020.05.31"]
[SourceQuality "1"]

1. Nf3 Nf6 2. g3 d5 3. Bg2 g6 4. 0-0 Bg7 5. c4 dxc4 6. Na3 0-0 7. Nxc4 Nbd7 8. d4 c5 9. dxc5 Nxc5 10. Be3 Nfe4 11. Qc2 Bf5 12. Rad1 Nd6 13. Qc1 Rc8 14. Bh6 Nce4 15. Bxg7 Kxg7 16. b3 Qc7 17. Qb2+ f6 18. Nd4 Nxc4 19. bxc4 Nd6 20. Nxf5+ gxf5 21. Rd4 e5 22. Rd5 Nxc4 23. Qb3 Nd6 24. Rfd1 Rfd8 25. Qf3 Qe7 26. Bh3 Nf7 27. Bxf5 Rxd5 28. Rxd5 Rd8 29. Qg4+ Kh8 30. Qh5 Nd6 31. Bg6 Rd7 32. Qh4 Qe6 33. Rd2 f5 34. Bh5 Ne4 35. Rxd7 Qxd7 36. Bf3 Qd4 37. e3 Qb4 38. Bxe4 Qxe4 39. Qf6+ Kg8 40. h4 Qb1+ 41. Kg2 Qxa2 42. Qg5+ Kf8 43. Qxf5+ Qf7 44. Qxe5 b6 45. e4 Qb7 46. Qh8+ 1-0

[Event "Cochabamba"]
[White "Gemy Vargas, Jose Daniel"]
[Black "Rozo, Paulo"]
[Site "Cochabamba"]
[Round "6"]
[Result "1-0"]
[Date "2018.12.09"]
[WhiteElo "2401"]
[BlackElo "2170"]
[PlyCount "83"]
[EventDate "2018.12.07"]
[EventType "tourn"]
[EventRounds "7"]
[EventCountry "BOL"]
[SourceTitle "CBM 190 Extra"]
[Source "ChessBase"]
[SourceDate "2019.07.15"]
[SourceVersion "1"]
[SourceVersionDate "2019.07.15"]
[SourceQuality "1"]

1. e4 e5 2. Nf3 Nc6 3. Bc4 Nf6 4. Nc3 Bc5 5. a3 a5 6. d3 0-0 7. 0-0 d6 8. Bg5 h6 9. Bh4 Nd4 10. Nxd4 Bxd4 11. Nd5 g5 12. c3 Ba7 13. Bg3 Nxd5 14. Bxd5 c6 15. Ba2 Qf6 16. Qh5 Be6 17. Bxe6 Qxe6 18. h4 gxh4 19. Qxh4 Kh7 20. Kh2 Rg8 21. Qh3 Rg6 22. Qxe6 fxe6 23. d4 exd4 24. Bxd6 Rg4 25. f3 Rh4+ 26. Kg3 Rh5 27. f4 Rb5 28. Rab1 Rg8+ 29. Kf3 Rb3 30. Be5 c5 31. g4 Bb8 32. Bf6 Kg6 33. g5 Bc7 34. Kg4 hxg5 35. fxg5 Bd8 36. e5 dxc3 37. bxc3 Rxc3 38. Rxb7 Rc4+ 39. Rf4 Rd4 40. Rxd4 cxd4 41. Rb8 d3 42. Kf3 1-0

[Event "Cochabamba"]
[White "Ferrufino, Boris"]
[Black "Rozo, Paulo"]
[Site "Cochabamba"]
[Round "2"]
[Result "1-0"]
[Date "2018.12.07"]
[WhiteElo "2072"]
[BlackElo "2170"]
[PlyCount "33"]
[EventDate "2018.12.07"]
[EventType "tourn"]
[EventRounds "7"]
[EventCountry "BOL"]
[SourceTitle "CBM 190 Extra"]
[Source "ChessBase"]
[SourceDate "2019.07.15"]
[SourceVersion "1"]
[SourceVersionDate "2019.07.15"]
[SourceQuality "1"]

1. d4 d5 2. Nf3 Nf6 3. e3 e6 4. Bd3 Nbd7 5. Nbd2 b6 6. Qe2 Bb7 7. e4 dxe4 8. Nxe4 Be7 9. 0-0 0-0 10. c4 c5 11. Bf4 cxd4 12. Rad1 Nc5 13. Nxf6+ Bxf6 14. Bb1 e5 15. Nxe5 g6 16. Ng4 Re8 17. Qxe8+ 1-0

[Event "Cochabamba"]
[White "Rozo, Paulo"]
[Black "Monroy Carrizo, Javier"]
[Site "Cochabamba"]
[Round "1"]
[Result "1-0"]
[Date "2018.12.07"]
[WhiteElo "2170"]
[BlackElo "1918"]
[PlyCount "77"]
[EventDate "2018.12.07"]
[EventType "tourn"]
[EventRounds "7"]
[EventCountry "BOL"]
[SourceTitle "CBM 190 Extra"]
[Source "ChessBase"]
[SourceDate "2019.07.15"]
[SourceVersion "1"]
[SourceVersionDate "2019.07.15"]
[SourceQuality "1"]

1. e4 g6 2. d4 Bg7 3. Nc3 c5 4. Nf3 cxd4 5. Nxd4 Nc6 6. Be3 Nf6 7. Be2 0-0 8. 0-0 d5 9. exd5 Nxd5 10. Nxd5 Qxd5 11. Bf3 Qc4 12. Nxc6 bxc6 13. c3 Ba6 14. Qc2 Rfd8 15. Rfd1 Rd6 16. Rxd6 exd6 17. b3 Qe6 18. Rd1 d5 19. h3 h5 20. Qd2 Kh7 21. Bc5 Qf6 22. c4 dxc4 23. Qa5 Bb7 24. bxc4 Qf4 25. Qb4 Qc7 26. Rb1 Ba6 27. Qa4 Bb7 28. Qc2 Bc8 29. Qa4 Bf5 30. Rd1 Rc8 31. Qxa7 Qf4 32. Qxf7 Rc7 33. Qe8 Qxc4 34. Be3 Qxa2 35. g4 hxg4 36. hxg4 Be6 37. Kg2 Be5 38. Rh1+ Kg7 39. Qh8+ 1-0

[Event "Olympiad-43"]
[White "Sanches, Casanova Romario"]
[Black "Rozo, Paulo"]
[Site "Batumi"]
[Round "10.4"]
[Result "0-1"]
[Date "2018.10.04"]
[WhiteElo "2029"]
[BlackElo "2157"]
[PlyCount "92"]
[EventDate "2018.09.24"]
[EventType "team-swiss"]
[EventRounds "11"]
[EventCountry "GEO"]
[SourceTitle "CBM 187"]
[Source "ChessBase"]
[SourceDate "2018.12.11"]
[SourceVersion "1"]
[SourceVersionDate "2018.12.11"]
[SourceQuality "1"]
[WhiteTeam "Surinam"]
[BlackTeam "Bolivia"]
[WhiteTeamCountry "SUR"]
[BlackTeamCountry "BOL"]

1. e4 e5 2. Bc4 Nf6 3. d3 Nc6 4. Nc3 Bc5 5. f4 exf4 6. Bxf4 0-0 7. Nf3 Re8 8. Bg5 b5 9. Bb3 Nd4 10. Nxd4 Bxd4 11. Qf3 h6 12. Bh4 c6 13. Ne2 Bxb2 14. Rb1 Ba3 15. 0-0 d5 16. Bxf6 Qxf6 17. Qxf6 gxf6 18. Ng3 Be6 19. Nh5 Bc5+ 20. Kh1 Bd4 21. Nxf6+ Bxf6 22. Rxf6 Kg7 23. Rbf1 a5 24. a4 bxa4 25. Bxa4 Rec8 26. e5 Rab8 27. h3 Rb4 28. Ra1 d4 29. Rff1 Rc7 30. Rfb1 c5 31. Bb3 Ra7 32. Bxe6 fxe6 33. Rxb4 cxb4 34. g4 a4 35. Kg2 a3 36. Kf3 Rc7 37. Ra2 Rxc2 38. Rxc2 b3 39. Rc7+ Kf8 40. Rb7 b2 41. Kg3 a2 42. Rxb2 a1Q 43. Rf2+ Kg7 44. Rf3 Qe1+ 45. Kf4 Kg6 46. g5 hxg5+ 0-1

[Event "Olympiad-43"]
[White "Psaila, Clarence"]
[Black "Rozo, Paulo"]
[Site "Batumi"]
[Round "8.4"]
[Result "1-0"]
[Date "2018.10.02"]
[WhiteElo "2002"]
[BlackElo "2157"]
[PlyCount "69"]
[EventDate "2018.09.24"]
[EventType "team-swiss"]
[EventRounds "11"]
[EventCountry "GEO"]
[SourceTitle "CBM 187"]
[Source "ChessBase"]
[SourceDate "2018.12.11"]
[SourceVersion "1"]
[SourceVersionDate "2018.12.11"]
[SourceQuality "1"]
[WhiteTeam "Malta"]
[BlackTeam "Bolivia"]
[WhiteTeamCountry "MLT"]
[BlackTeamCountry "BOL"]

1. Nf3 Nf6 2. c4 c5 3. Nc3 Nc6 4. d4 cxd4 5. Nxd4 g6 6. e4 Bg7 7. Be3 0-0 8. Be2 d6 9. 0-0 Nxd4 10. Bxd4 Bd7 11. Rc1 Bc6 12. f3 a5 13. Nd5 Nd7 14. Bxg7 Kxg7 15. Qd4+ e5 16. Qe3 Bxd5 17. cxd5 Nc5 18. f4 f6 19. Bg4 Qe7 20. f5 g5 21. h4 h6 22. Kf2 Rh8 23. Bh5 Qd7 24. b3 Qb5 25. a4 Qd3 26. Kf3 Qxe3+ 27. Kxe3 Ra6 28. Be2 Rb6 29. Bb5 gxh4 30. Rh1 Kh7 31. Rxh4 Rg8 32. Rch1 Rxg2 33. Rxh6+ Kg7 34. Rh7+ Kg8 35. Rh8+ 1-0

[Event "BOL-ch sf"]
[White "Parada, Felipe"]
[Black "Rozo, Paulo"]
[Site "Sucre"]
[Round "2"]
[Result "0-1"]
[Date "2018.07.04"]
[WhiteElo "2052"]
[BlackElo "2126"]
[PlyCount "76"]
[EventDate "2018.07.04"]
[EventType "tourn"]
[EventRounds "9"]
[EventCountry "BOL"]
[SourceTitle "EXT 2019"]
[Source "ChessBase"]
[SourceDate "2018.10.10"]
[SourceVersion "1"]
[SourceVersionDate "2018.10.10"]
[SourceQuality "1"]

1. e4 e5 2. Nf3 Nc6 3. Bc4 Bc5 4. d3 Nf6 5. Nc3 a6 6. h3 d6 7. Be3 Bxe3 8. fxe3 Na5 9. Bb3 Nxb3 10. axb3 c6 11. Qe2 Qe7 12. 0-0-0 b5 13. g4 a5 14. d4 a4 15. bxa4 b4 16. Qc4 Qb7 17. Nb1 Nxe4 18. Rhf1 Be6 19. Qd3 Ng3 20. Rg1 e4 21. Qd2 Rxa4 22. d5 exf3 23. Rxg3 cxd5 24. b3 Ra2 25. Qd4 0-0 26. Rxf3 Rc8 27. Rd2 Qc6 28. Rff2 Qc5 29. Kd1 Qa5 30. Rf4 Qc5 31. Qd3 d4 32. exd4 Qd5 33. Rdf2 Ra1 34. Kc1 Qa5 35. d5 Qa3+ 36. Kd2 Rxb1 37. Rf1 Rxf1 38. Rxf1 Bd7 0-1

[Event "La Paz Clasification op 1st"]
[White "Rozo, Paulo"]
[Black "Lopez, Mario Iver"]
[Site "La Paz"]
[Round "8"]
[Result "1-0"]
[Date "2018.02.04"]
[WhiteElo "2118"]
[BlackElo "2197"]
[PlyCount "121"]
[EventDate "2018.02.01"]
[EventType "swiss"]
[EventRounds "8"]
[EventCountry "BOL"]
[SourceTitle "CBM 182 Extra"]
[Source "ChessBase"]
[SourceDate "2018.02.23"]
[SourceVersion "1"]
[SourceVersionDate "2018.02.23"]
[SourceQuality "1"]

1. e4 c5 2. c3 Nf6 3. e5 Nd5 4. g3 d6 5. exd6 Qxd6 6. Bg2 g6 7. Na3 Nb6 8. d4 cxd4 9. Nb5 Qe5+ 10. Qe2 Qxe2+ 11. Nxe2 Na6 12. Nexd4 e5 13. Nb3 Bd7 14. a4 Bc6 15. 0-0 Nc4 16. Nd2 Nxd2 17. Bxd2 Be7 18. Be3 0-0 19. Bxc6 bxc6 20. Nxa7 Bc5 21. Nxc6 Bxe3 22. fxe3 Nc5 23. a5 Nb3 24. Ra4 e4 25. Rd1 Ra6 26. Rb4 Nxa5 27. Nxa5 Rxa5 28. Rxe4 Rb8 29. b4 Ra2 30. Red4 Rb6 31. R4d2 Ra3 32. Rc2 Rb3 33. Kf2 Rc6 34. Rdc1 h5 35. Ke2 h4 36. gxh4 Rc4 37. h5 gxh5 38. Kf3 Kf8 39. Ra1 Rbxb4 40. cxb4 Rxc2 41. Rb1 Ke7 42. b5 Kd7 43. b6 Kc8 44. b7+ Kb8 45. h3 Rc5 46. h4 f6 47. Rb6 Rf5+ 48. Ke4 Rf1 49. Rb5 Rh1 50. Rxh5 Kxb7 51. Kf5 Rf1+ 52. Ke6 Re1 53. Rb5+ Kc6 54. Rb3 Rh1 55. Rb4 Rh3 56. Re4 Rf3 57. Rc4+ Kb5 58. Rc1 Rxe3+ 59. Kxf6 Rh3 60. Kg5 Rd3 61. Rh1 1-0

[Event "La Paz Clasification op 1st"]
[White "Titichoca Daza, Daniel Henry"]
[Black "Rozo, Paulo"]
[Site "La Paz"]
[Round "5"]
[Result "1/2-1/2"]
[Date "2018.02.03"]
[WhiteElo "1923"]
[BlackElo "2118"]
[PlyCount "38"]
[EventDate "2018.02.01"]
[EventType "swiss"]
[EventRounds "8"]
[EventCountry "BOL"]
[SourceTitle "CBM 182 Extra"]
[Source "ChessBase"]
[SourceDate "2018.02.23"]
[SourceVersion "1"]
[SourceVersionDate "2018.02.23"]
[SourceQuality "1"]

1. e4 c5 2. Nc3 d6 3. f4 Nc6 4. Nf3 e6 5. Bb5 Bd7 6. a4 Nf6 7. d3 Be7 8. 0-0 Qc7 9. Qe1 d5 10. h3 d4 11. Nb1 Nb4 12. Bxd7+ Nxd7 13. Na3 b6 14. Bd2 Nc6 15. Nc4 f6 16. Qg3 g6 17. e5 f5 18. Rfe1 Nd8 19. Qf2 h6 1/2-1/2

[Event "La Paz Clasification op 1st"]
[White "Rozo, Paulo"]
[Black "Aguilar, Pedro"]
[Site "La Paz"]
[Round "4"]
[Result "1-0"]
[Date "2018.02.02"]
[WhiteElo "2118"]
[BlackElo "1999"]
[PlyCount "75"]
[EventDate "2018.02.01"]
[EventType "swiss"]
[EventRounds "8"]
[EventCountry "BOL"]
[SourceTitle "CBM 182 Extra"]
[Source "ChessBase"]
[SourceDate "2018.02.23"]
[SourceVersion "1"]
[SourceVersionDate "2018.02.23"]
[SourceQuality "1"]

1. d4 Nf6 2. c4 e6 3. Nc3 d5 4. e3 Be7 5. Nf3 0-0 6. a3 b6 7. cxd5 exd5 8. Bd3 Bg4 9. h3 Bh5 10. Qa4 c5 11. Ne5 Bg6 12. Bb5 Bd6 13. Nxg6 hxg6 14. 0-0 Bc7 15. Be2 Qd6 16. g3 a6 17. dxc5 bxc5 18. Rd1 Qe6 19. Bf3 Rd8 20. Bg2 Ra7 21. b4 Be5 22. Bb2 c4 23. Qc2 d4 24. exd4 Bxd4 25. Rxd4 Rxd4 26. Nb5 axb5 27. Bxd4 Rd7 28. Qc3 Ne4 29. Qb2 Nc6 30. Bxe4 Qxe4 31. Bxg7 Nd4 32. Bxd4 Rxd4 33. a4 bxa4 34. b5 Qd5 35. b6 Rd3 36. b7 Rxg3+ 37. fxg3 Qc5+ 38. Kh2 1-0

[Event "Pan American U16"]
[White "Tapia Huerta, Joel Arthur"]
[Black "Rozo, Paulo"]
[Site "Bento Goncalves"]
[Round "5"]
[Result "0-1"]
[Date "2010.08.05"]
[WhiteElo "1918"]
[BlackElo "2010"]
[PlyCount "38"]
[EventDate "2010.08.02"]
[EventType "swiss"]
[EventRounds "9"]
[EventCountry "BRA"]
[SourceTitle "EXT 2013"]
[Source "ChessBase"]
[SourceDate "2012.11.22"]
[SourceVersion "1"]
[SourceVersionDate "2012.11.22"]
[SourceQuality "1"]

1. Nf3 d5 2. d4 e6 3. c4 Nf6 4. Bg5 Nbd7 5. e3 c6 6. Bd3 Qa5+ 7. Nbd2 dxc4 8. Bxc4 Ne4 9. Bh4 g5 10. Bg3 g4 11. Bd3 Nxg3 12. hxg3 gxf3 13. Qxf3 Bb4 14. Rd1 Qxa2 15. Qg4 b6 16. Qg7 Rf8 17. Rxh7 Ba6 18. Bg6 0-0-0 19. Bxf7 Qc4 0-1

[Event "Pan American-ch U14"]
[White "Rozo, Paulo"]
[Black "Hernandez Sanchez, Jairo Andres"]
[Site "Mar del Plata"]
[Round "6"]
[Result "0-1"]
[Date "2009.08.19"]
[WhiteElo "1968"]
[BlackElo "2057"]
[PlyCount "58"]
[EventDate "2009.08.16"]
[EventType "swiss"]
[EventRounds "9"]
[EventCountry "ARG"]
[SourceTitle "EXT 2022"]
[Source "ChessBase"]
[SourceDate "2021.10.06"]
[SourceVersion "1"]
[SourceVersionDate "2021.10.06"]
[SourceQuality "1"]

1. e4 c5 2. c3 Nf6 3. e5 Nd5 4. g3 e6 5. Bg2 d6 6. exd6 Bxd6 7. Nf3 0-0 8. 0-0 Nc6 9. d3 Rb8 10. Nbd2 Be7 11. Nb3 b6 12. Qe2 Bb7 13. Be3 Bf6 14. Rac1 Qe7 15. Rfd1 Rfd8 16. d4 cxd4 17. Bxd4 Nxd4 18. Nbxd4 e5 19. Nb3 g6 20. Re1 Re8 21. Rcd1 Nc7 22. Nfd2 Bxg2 23. Kxg2 Bg7 24. Nf3 a5 25. Qe4 Rbd8 26. Rxd8 Qxd8 27. Re2 Qf6 28. Rd2 Ne6 29. Qc6 Nf4+ 0-1

[Event "Pan American-ch U14"]
[White "Salvatierra, Matias"]
[Black "Rozo, Paulo"]
[Site "Mar del Plata"]
[Round "4"]
[Result "0-1"]
[Date "2009.08.18"]
[WhiteElo "1697"]
[BlackElo "1968"]
[PlyCount "86"]
[EventDate "2009.08.16"]
[EventType "swiss"]
[EventRounds "9"]
[EventCountry "ARG"]
[SourceTitle "EXT 2022"]
[Source "ChessBase"]
[SourceDate "2021.10.06"]
[SourceVersion "1"]
[SourceVersionDate "2021.10.06"]
[SourceQuality "1"]

1. e4 e5 2. Nf3 Nc6 3. Bc4 Nf6 4. d4 exd4 5. Ng5 d5 6. exd5 Nxd5 7. Nxf7 Qe7+ 8. Qe2 Qxe2+ 9. Kxe2 Kxf7 10. Bxd5+ Be6 11. Bxe6+ Kxe6 12. Bf4 Nb4 13. Nd2 Nd5 14. Bg3 c5 15. Ne4 Be7 16. Rhe1 Rad8 17. Kd2 Kf7 18. a3 Rhe8 19. Re2 h6 20. Rae1 a6 21. h3 Nf6 22. Nxf6 Bxf6 23. Rxe8 Rxe8 24. Rxe8 Kxe8 25. b4 c4 26. Ke2 Kd7 27. Kf3 Kc6 28. Ke4 d3 29. cxd3 c3 30. Ke3 Kb5 31. f3 Ka4 32. Be1 Kxa3 33. d4 Kb2 34. Kd3 c2 35. Bd2 c1Q 36. Bxc1+ Kxc1 37. Kc4 b6 38. g3 Kd2 39. f4 Ke3 40. d5 Be7 41. f5 b5+ 42. Kc3 Ke4 43. f6 Bxf6+ 0-1

[Event "Pan American-ch U14"]
[White "Martinez Romero, Martin"]
[Black "Rozo, Paulo"]
[Site "Mar del Plata"]
[Round "2"]
[Result "1-0"]
[Date "2009.08.17"]
[WhiteElo "2135"]
[BlackElo "1968"]
[PlyCount "71"]
[EventDate "2009.08.16"]
[EventType "swiss"]
[EventRounds "9"]
[EventCountry "ARG"]
[SourceTitle "EXT 2022"]
[Source "ChessBase"]
[SourceDate "2021.10.06"]
[SourceVersion "1"]
[SourceVersionDate "2021.10.06"]
[SourceQuality "1"]

1. d4 Nf6 2. c4 c5 3. e3 cxd4 4. exd4 g6 5. Nc3 Bg7 6. Bg5 0-0 7. Nf3 d6 8. Be2 Bg4 9. 0-0 Nc6 10. Qd2 Re8 11. h3 Bf5 12. d5 Nb8 13. Nd4 Qc8 14. Rfe1 Na6 15. Nxf5 Qxf5 16. Bd3 Qd7 17. Bc2 Rac8 18. Ba4 Qc7 19. Bxe8 Rxe8 20. Nb5 Qxc4 21. Bxf6 Qxb5 22. Bxe7 Be5 23. Bg5 f6 24. Be3 g5 25. f4 gxf4 26. Bxf4 Rd8 27. Bxe5 dxe5 28. Rxe5 Nb4 29. Rg5+ Kf7 30. Rh5 Rxd5 31. Rxh7+ Ke6 32. Re1+ Kd6 33. Qf4+ Kc5 34. Qxf6 Nc6 35. Qf2+ Nd4 36. Rh4 1-0

[Event "South America-ch U20 5th"]
[White "Pena Morales, Hugo"]
[Black "Rozo, Paulo"]
[Site "Cochabamba"]
[Round "6"]
[Result "1-0"]
[Date "2009.04.11"]
[WhiteElo "2111"]
[BlackElo "1924"]
[PlyCount "125"]
[EventDate "2009.04.08"]
[EventType "swiss"]
[EventRounds "9"]
[EventCountry "BOL"]
[SourceTitle "CBM 129 Extra"]
[Source "ChessBase"]
[SourceDate "2009.05.05"]
[SourceVersion "2"]
[SourceVersionDate "2009.05.20"]
[SourceQuality "1"]

1. e4 e5 2. Nf3 Nc6 3. Nc3 Nf6 4. d4 Bb4 5. Nxe5 Nxe4 6. Qg4 Nxc3 7. Qxg7 Ne4+ 8. c3 Qf6 9. Qxf6 Nxf6 10. Nxc6 Bxc3+ 11. bxc3 dxc6 12. Bd3 Be6 13. 0-0 Rg8 14. Re1 0-0-0 15. Bb2 c5 16. f3 cxd4 17. cxd4 Rg5 18. Bf1 Nd5 19. a3 Rd6 20. Re5 Rg8 21. Kf2 Rc6 22. Rc1 Rb6 23. Rc2 Kd7 24. Bc1 Ne7 25. Bd3 c6 26. h3 Rb3 27. Bf1 b5 28. Rec5 Bd5 29. R2c3 Rxc3 30. Rxc3 a5 31. Rc5 a4 32. Bd2 Re8 33. Bd3 h5 34. Bg5 Kd6 35. Rc1 Ng6 36. Bd2 Nf8 37. Bb4+ Kd7 38. Rc5 Rb8 39. Bxb5 Rxb5 40. Rxb5 cxb5 41. Bxf8 f5 42. Ke3 Ke6 43. Kf4 Kf6 44. Bb4 Bc4 45. Bc3 Bd5 46. Bb2 Ke6 47. g4 fxg4 48. fxg4 hxg4 49. Kxg4 Kf6 50. h4 Kg6 51. Bc3 Be6+ 52. Kf4 Kh5 53. Be1 Bc4 54. Ke5 Kg6 55. d5 Kf7 56. Kd6 Ke8 57. Kc6 Be2 58. d6 Bf3+ 59. Kc7 Bg4 60. Bd2 Be6 61. h5 Bf5 62. h6 b4 63. h7 1-0

[Event "South America-ch U20 5th"]
[White "Sartori Cardoso, Sergio"]
[Black "Rozo, Paulo"]
[Site "Cochabamba"]
[Round "2"]
[Result "0-1"]
[Date "2009.04.09"]
[WhiteElo "2051"]
[BlackElo "1924"]
[PlyCount "94"]
[EventDate "2009.04.08"]
[EventType "swiss"]
[EventRounds "9"]
[EventCountry "BOL"]
[SourceTitle "CBM 129 Extra"]
[Source "ChessBase"]
[SourceDate "2009.05.05"]
[SourceVersion "2"]
[SourceVersionDate "2009.05.20"]
[SourceQuality "1"]

1. e4 e5 2. Nc3 Nf6 3. Bc4 Nxe4 4. Qh5 Nd6 5. Qxe5+ Qe7 6. Qxe7+ Bxe7 7. Bb3 Nc6 8. Nf3 b6 9. d3 Na5 10. Bf4 Nxb3 11. axb3 Bb7 12. 0-0 Bxf3 13. gxf3 c6 14. Rfe1 Nf5 15. Ra4 d5 16. Rea1 a5 17. b4 Kd7 18. bxa5 b5 19. R4a2 Nd4 20. Kg2 Nxc2 21. Rd1 g5 22. Bc1 Bf6 23. Ne2 Rhe8 24. Kf1 h6 25. d4 Bd8 26. Bd2 Bf6 27. Bc1 Ra7 28. Bd2 b4 29. b3 Nxd4 30. Be3 Nxe2 31. Bxa7 Nc3 32. Rdd2 Nxa2 33. Rxa2 Ra8 34. Be3 Be5 35. h3 d4 36. Bd2 c5 37. Ke2 Kc6 38. Kd3 Kb5 39. Ke4 Bf4 40. Bxf4 gxf4 41. Kd3 Rxa5 42. Re2 Ra3 43. Re7 Rxb3+ 44. Ke2 Kc4 45. Rxf7 d3+ 46. Kd2 Rb2+ 47. Kc1 Rxf2 0-1